00209nam a2200085Ia 450000100070000000500170000700800410002424500370006526000210010296527620250826220243.0250824s9999 xx 000 0 und d 0aGEÇECEK MİcGÖKHAN ÇINAR bDESTEK YAYINLARI